Anteproyecto portuario. Obras terrestres y maritimas para la Peninsula de Nicoya
Gorde:
| Egile nagusia: | |
|---|---|
| Formatua: | Ezezaguna |
| Argitaratua: |
[San José , Costa Rica]
1960
|
| Gaiak: | |
| Etiketak: |
Etiketa erantsi
Etiketarik gabe, Izan zaitez lehena erregistro honi etiketa jartzen!
|
MARC
| LEADER | 00000 a2200000 4500 | ||
|---|---|---|---|
| 003 | 011109 | ||
| 005 | 20221231143806.0 | ||
| 008 | 140114s1960 c a m 000 ||s d | ||
| 040 | |c cru CEDI | ||
| 090 | |a TFG 141 | ||
| 100 | |a Prada Marín, Luis Fernando |9 17386 | ||
| 245 | |a Anteproyecto portuario. Obras terrestres y maritimas para la Peninsula de Nicoya | ||
| 260 | |c 1960 |a [San José , Costa Rica] | ||
| 300 | |a 125 hojas : cuadros, fotografías, gráficos, ilustraciones, mapas, (algunas a color y plegables) ; 28 cm | ||
| 500 | |a Tesis (Ingeniero Civil) Universidad de Costa Rica. | ||
| 650 | |x PENINSULA DE NICOYA (COSTA RICA) - CARRETERAS |x PENINSULA DE NICOYA (COSTA RICA) - PUERTOS |9 17387 | ||
| 942 | |c TFG | ||
| 999 | |c 12042 |d 12042 | ||
